<?xml version="1.0" encoding="UTF-8"?>
<record
    xmlns:xsi="http://www.w3.org/2001/XMLSchema-instance"
    xsi:schemaLocation="http://www.loc.gov/MARC21/slim http://www.loc.gov/standards/marcxml/schema/MARC21slim.xsd"
    xmlns="http://www.loc.gov/MARC21/slim">

  <leader>01296nam a2200217Ia 4500</leader>
  <controlfield tag="008">120625s2006    mx            000 0 spa d</controlfield>
  <datafield tag="020" ind1=" " ind2=" ">
    <subfield code="a">9681505972</subfield>
  </datafield>
  <datafield tag="050" ind1=" " ind2="4">
    <subfield code="a">PN2310 </subfield>
    <subfield code="b">C36</subfield>
  </datafield>
  <datafield tag="100" ind1="1" ind2=" ">
    <subfield code="a">Carballido, Emilio.</subfield>
    <subfield code="9">22329</subfield>
  </datafield>
  <datafield tag="245" ind1="1" ind2="0">
    <subfield code="a">Teatro para adolescentes </subfield>
    <subfield code="b">: un repertorio para estudiantes </subfield>
    <subfield code="c">/ Emilio Carballido.</subfield>
  </datafield>
  <datafield tag="260" ind1="3" ind2=" ">
    <subfield code="a">M&#xE9;xico </subfield>
    <subfield code="b">: Editores Mexicanos Unidos</subfield>
    <subfield code="c">, 2006.</subfield>
  </datafield>
  <datafield tag="300" ind1=" " ind2=" ">
    <subfield code="a">294 p&#xE1;ginas.</subfield>
  </datafield>
  <datafield tag="336" ind1=" " ind2=" ">
    <subfield code="a">Texto</subfield>
  </datafield>
  <datafield tag="337" ind1=" " ind2=" ">
    <subfield code="a">Sin medio</subfield>
  </datafield>
  <datafield tag="338" ind1=" " ind2=" ">
    <subfield code="a">Volumen</subfield>
  </datafield>
  <datafield tag="505" ind1="1" ind2=" ">
    <subfield code="a">Presentaci&#xF3;n para mayores
El encanto, tendajon mixto, Elena Garro
&#xBF;En que piensas? Xavier Villaurrutia
Triloria. Rom&#xE1;n Calvo
Cuauhtemoc. Salvador Novo
Las ruinas. Luisa Josefina Hern&#xE1;ndez
Do&#xF1;a vida y sus hermanas. Manuel Herrera
Un robo y una loteria. Constancio C. Su&#xE1;rez
La fonda de las siete cabrillas. Manuel E. Gorostiza y Emilio Carballido
La manzana. AntonioArgud&#xED;n
Los dos catrines. Emilio Carballido
As&#xED; como la ves. Flavio Gonz&#xE1;lezMello
Sainetes y mojigangas. Calder&#xF3;n de la Barca. Carballido</subfield>
  </datafield>
  <datafield tag="519" ind1=" " ind2=" ">
    <subfield code="a">Plan flexible / </subfield>
    <subfield code="b">Colegio de Ciencias y Humanidades /</subfield>
    <subfield code="c">Taller de lectura y redacci&#xF3;n e iniciaci&#xF3;n a la investigaci&#xF3;n documental III (1305) /</subfield>
    <subfield code="d">(05 0002543-05 000254)</subfield>
  </datafield>
  <datafield tag="650" ind1="1" ind2="4">
    <subfield code="a">TEATRO</subfield>
    <subfield code="z">M&#xC9;XICO</subfield>
    <subfield code="x">COLECCIONES</subfield>
    <subfield code="9">49332</subfield>
  </datafield>
  <datafield tag="650" ind1="2" ind2="4">
    <subfield code="a">TEATRO Y JUVENTUD</subfield>
    <subfield code="9">11660</subfield>
  </datafield>
  <datafield tag="942" ind1=" " ind2=" ">
    <subfield code="c">LB</subfield>
  </datafield>
  <datafield tag="952" ind1=" " ind2=" ">
    <subfield code="0">0</subfield>
    <subfield code="1">0</subfield>
    <subfield code="2">lcc</subfield>
    <subfield code="4">0</subfield>
    <subfield code="7">0</subfield>
    <subfield code="a">04</subfield>
    <subfield code="b">04</subfield>
    <subfield code="d">2008-11-12</subfield>
    <subfield code="l">2</subfield>
    <subfield code="o">PN2310 C36</subfield>
    <subfield code="p">05 000253</subfield>
    <subfield code="r">2023-02-03</subfield>
    <subfield code="s">2018-01-09</subfield>
    <subfield code="t">1</subfield>
    <subfield code="w">2012-06-24</subfield>
    <subfield code="y">LB</subfield>
  </datafield>
  <datafield tag="952" ind1=" " ind2=" ">
    <subfield code="0">0</subfield>
    <subfield code="1">0</subfield>
    <subfield code="2">lcc</subfield>
    <subfield code="4">0</subfield>
    <subfield code="7">0</subfield>
    <subfield code="a">04</subfield>
    <subfield code="b">04</subfield>
    <subfield code="d">2008-11-12</subfield>
    <subfield code="l">0</subfield>
    <subfield code="o">PN2310 C36</subfield>
    <subfield code="p">05 000254</subfield>
    <subfield code="r">2023-02-03</subfield>
    <subfield code="t">2</subfield>
    <subfield code="w">2012-06-24</subfield>
    <subfield code="y">LB</subfield>
  </datafield>
  <datafield tag="952" ind1=" " ind2=" ">
    <subfield code="0">0</subfield>
    <subfield code="1">0</subfield>
    <subfield code="2">lcc</subfield>
    <subfield code="4">0</subfield>
    <subfield code="7">0</subfield>
    <subfield code="a">04</subfield>
    <subfield code="b">04</subfield>
    <subfield code="d">2008-11-12</subfield>
    <subfield code="l">4</subfield>
    <subfield code="o">PN2310 C36</subfield>
    <subfield code="p">05 000255</subfield>
    <subfield code="r">2023-02-03</subfield>
    <subfield code="s">2015-09-08</subfield>
    <subfield code="t">3</subfield>
    <subfield code="w">2012-06-24</subfield>
    <subfield code="y">LB</subfield>
  </datafield>
  <datafield tag="999" ind1=" " ind2=" ">
    <subfield code="c">63140</subfield>
    <subfield code="d">63140</subfield>
  </datafield>
</record>
